000 00635cam a2200229 4500500
005 20260329005300.0
041 _afre
042 _adc
100 1 0 _aDurand, Jean-Marie
_eauthor
245 0 0 _aTrois femmes disparaissent
260 _c2023.
500 _a21
690 _aActrice
690 _aFemmes
690 _aHarcèlement
690 _aHitchcock
690 _aMétaphore
690 _aroman
690 _aSauvetage
786 0 _nPhilosophie magazine | 167 | 2 | 2023-03-01 | p. 62-63 | 1951-1787
856 4 1 _uhttps://shs.cairn.info/magazine-philosophie-magazine-2023-2-page-62?lang=fr&redirect-ssocas=7080
999 _c1841948
_d1841948